Devine la chanson #6 - Statistiques

Statistiques générales
  • Ce quiz a été pris 147 fois
  • Le résultat moyen est 118 sur 245
Statistiques - réponses
Paroles % Correct
a
96%
je
95%
Je
95%
le
92%
Le
92%
la
88%
88%
Il
87%
de
86%
ma
84%
Ma
84%
Et
83%
tu
81%
les
77%
se
75%
suis
73%
un
73%
en
70%
En
70%
ai
69%
ne
67%
que
67%
qui
67%
une
66%
mais
64%
pas
64%
vus
63%
vie
62%
moi
59%
Moi
59%
on
59%
On
59%
dans
57%
veux
56%
sur
54%
Au
51%
jour
50%
quand
50%
Quand
50%
y
47%
avec
45%
sans
45%
tout
44%
Oui
43%
C'est
42%
Si
41%
sous
37%
leur
36%
mort
36%
mourir
36%
Mourir
36%
Dalida
35%
Mourir sur scène
35%
scène
35%
bien
33%
seule
32%
Tous
32%
ceux
31%
cœur
31%
plein
31%
pluie
31%
soleil
31%
Viens
31%
viens
31%
peux
30%
serai
28%
Devant
26%
projecteurs
26%
soir
26%
chantant
25%
dernier
25%
peine
25%
qu'il
23%
veulent
23%
bout
22%
moindre
22%
partir
22%
couleurs
21%
jusqu'au
21%
lit
21%
née
21%
près
21%
deux
20%
rendez-vous
20%
tombe
20%
trop
20%
choisi
19%
choisir
19%
d'autres
19%
derrière
19%
ouvert
19%
rideau
19%
s'est
19%
seuls
19%
sommeil
19%
tombera
19%
aussi
18%
connaît
18%
danser
15%
salle
15%
Tranquilles
15%
comble
14%
déjà
14%
D'une
14%
gala
14%
l'ombre
13%
orchestrée
13%
plutôt
13%
souviens-toi
13%
lumières
12%
fusillée
11%
lasers
11%
Choisis
10%
brûlé
9%
Aucun quiz correspondant
Distribution des résultats
% des personnes avec chaque résultat
Percentile par nombre de réponses
Votre historique - résultats
Vous n’avez pas pris ce quiz